<?xml version="1.0" encoding="UTF-8"?>
<record
    xmlns:xsi="http://www.w3.org/2001/XMLSchema-instance"
    xsi:schemaLocation="http://www.loc.gov/MARC21/slim http://www.loc.gov/standards/marcxml/schema/MARC21slim.xsd"
    xmlns="http://www.loc.gov/MARC21/slim">

  <leader>01964cam a2200457 i 4500</leader>
  <controlfield tag="001">17613673</controlfield>
  <controlfield tag="003">NUST</controlfield>
  <controlfield tag="005">20220516094419.0</controlfield>
  <controlfield tag="008">130204s2012    pk abf        000 0aurd  </controlfield>
  <datafield tag="010" ind1=" " ind2=" ">
    <subfield code="a">  2013344100</subfield>
  </datafield>
  <datafield tag="025" ind1=" " ind2=" ">
    <subfield code="a">P-U-2013344100; 28</subfield>
  </datafield>
  <datafield tag="037" ind1=" " ind2=" ">
    <subfield code="b">Library of Congress -- Islamabad Overseas Office</subfield>
    <subfield code="c">Rs 800</subfield>
  </datafield>
  <datafield tag="038" ind1=" " ind2=" ">
    <subfield code="a">Arshad</subfield>
  </datafield>
  <datafield tag="040" ind1=" " ind2=" ">
    <subfield code="a">DLC</subfield>
    <subfield code="b">eng</subfield>
    <subfield code="c">DLC</subfield>
    <subfield code="e">rda</subfield>
  </datafield>
  <datafield tag="042" ind1=" " ind2=" ">
    <subfield code="a">lcode</subfield>
    <subfield code="a">pcc</subfield>
  </datafield>
  <datafield tag="043" ind1=" " ind2=" ">
    <subfield code="a">a-pk---</subfield>
  </datafield>
  <datafield tag="050" ind1="0" ind2="0">
    <subfield code="a">U55.A95</subfield>
    <subfield code="b">A3 2012</subfield>
  </datafield>
  <datafield tag="066" ind1=" " ind2=" ">
    <subfield code="c">(3</subfield>
    <subfield code="c">(4</subfield>
  </datafield>
  <datafield tag="082" ind1=" " ind2=" ">
    <subfield code="a">923.55</subfield>
    <subfield code="b">SHA</subfield>
  </datafield>
  <datafield tag="100" ind1="1" ind2=" ">
    <subfield code="a">&#x2BB;Az&#x12B;z, Sh&#x101;hid,</subfield>
    <subfield code="d">1948-</subfield>
    <subfield code="9">3159</subfield>
    <subfield code="6">880-01</subfield>
  </datafield>
  <datafield tag="245" ind1="1" ind2="0">
    <subfield code="a">Yih k&#x332;h&#x332;&#x101;m&#x16B;sh&#x12B; kah&#x101;n&#x332; tak? :</subfield>
    <subfield code="b">ek sip&#x101;h&#x12B; k&#x12B; d&#x101;st&#x101;n-i &#x2BB;ishq va jun&#x16B;n&#x332; /</subfield>
    <subfield code="c">Laif&#x1E6D;&#x12B;nan&#x1E6D; Janral (re&#x1E6D;&#x101;&#x2BC;ir&#x1E0D;) Sh&#x101;hid &#x2BB;Az&#x12B;z.</subfield>
    <subfield code="6">880-02</subfield>
  </datafield>
  <datafield tag="260" ind1=" " ind2=" ">
    <subfield code="6">880-03</subfield>
  </datafield>
  <datafield tag="264" ind1=" " ind2="1">
    <subfield code="a">Isl&#x101;m&#x101;b&#x101;d :</subfield>
    <subfield code="b">Seven Springs Publishers,</subfield>
    <subfield code="c">2012.</subfield>
  </datafield>
  <datafield tag="300" ind1=" " ind2=" ">
    <subfield code="a">463, 15, 11 pages, 10 unnumbered pages of plates :</subfield>
    <subfield code="b">illustrations (chiefly color), maps ;</subfield>
    <subfield code="c">25 cm</subfield>
  </datafield>
  <datafield tag="336" ind1=" " ind2=" ">
    <subfield code="a">text</subfield>
    <subfield code="2">rdacontent</subfield>
  </datafield>
  <datafield tag="337" ind1=" " ind2=" ">
    <subfield code="a">unmediated</subfield>
    <subfield code="2">rdamedia</subfield>
  </datafield>
  <datafield tag="338" ind1=" " ind2=" ">
    <subfield code="a">volume</subfield>
    <subfield code="2">rdacarrier</subfield>
  </datafield>
  <datafield tag="520" ind1=" " ind2=" ">
    <subfield code="a">Autobiography of a Pakistan Army officer; also includes Pakistan politics and government in 21st century.</subfield>
  </datafield>
  <datafield tag="546" ind1=" " ind2=" ">
    <subfield code="a">In Urdu.</subfield>
  </datafield>
  <datafield tag="563" ind1=" " ind2=" ">
    <subfield code="a">PBK</subfield>
  </datafield>
  <datafield tag="600" ind1="1" ind2="0">
    <subfield code="6">880-04</subfield>
    <subfield code="a">&#x2BB;Az&#x12B;z, Sh&#x101;hid,</subfield>
    <subfield code="d">1948-</subfield>
    <subfield code="9">3159</subfield>
  </datafield>
  <datafield tag="610" ind1="1" ind2="0">
    <subfield code="a">Pakistan.</subfield>
    <subfield code="b">Army</subfield>
    <subfield code="x">Officers</subfield>
    <subfield code="v">Biography.</subfield>
    <subfield code="9">3160</subfield>
  </datafield>
  <datafield tag="650" ind1=" " ind2="0">
    <subfield code="a">Soldiers</subfield>
    <subfield code="z">Pakistan</subfield>
    <subfield code="v">Biography.</subfield>
    <subfield code="9">3161</subfield>
  </datafield>
  <datafield tag="651" ind1=" " ind2="0">
    <subfield code="a">Pakistan</subfield>
    <subfield code="x">Politics and government</subfield>
    <subfield code="y">21st century.</subfield>
    <subfield code="9">1623</subfield>
  </datafield>
  <datafield tag="880" ind1="1" ind2=" ">
    <subfield code="6">100-01(3\r</subfield>
    <subfield code="a">&#x200F;&#x639;&#x632;&#x64A;&#x632;&#x60C; &#x634;&#x627;&#x647;&#x62F;&#x60C;&#x200F;</subfield>
    <subfield code="d">&#x200F;1948-</subfield>
  </datafield>
  <datafield tag="880" ind1="1" ind2="0">
    <subfield code="6">245-02(3\r</subfield>
    <subfield code="a">&#x200F;&#x64A;&#x647; &#x62E;&#x627;&#x645;&#x648;&#x634;&#x649; &#x6A9;&#x647;&#x627;&#x6BA; &#x62A;&#x6A9;&#x61F; :&#x200F;</subfield>
    <subfield code="b">&#x200F;&#x627;&#x64A;&#x6A9; &#x633;&#x67E;&#x627;&#x647;&#x649; &#x6A9;&#x649; &#x62F;&#x627;&#x633;&#x62A;&#x627;&#x646; &#x639;&#x634;&#x642; &#x648; &#x62C;&#x646;&#x648;&#x6BA; /&#x200F;</subfield>
    <subfield code="c">&#x200F;&#x644;&#x64A;&#x641;&#x679;&#x64A;&#x646;&#x646;&#x679; &#x62C;&#x646;&#x631;&#x644; (&#x631;&#x64A;&#x679;&#x627;&#x626;&#x631;&#x688;) &#x634;&#x627;&#x647;&#x62F; &#x639;&#x632;&#x64A;&#x632;.</subfield>
  </datafield>
  <datafield tag="880" ind1=" " ind2=" ">
    <subfield code="6">260-02(3\r</subfield>
    <subfield code="a">&#x200F;&#x627;&#x633;&#x644;&#x627;&#x645;&#x200C;&#x622;&#x628;&#x627;&#x62F; :&#x200F;</subfield>
    <subfield code="b">&#x200F;Seven Springs Publishers&#x60C;&#x200F;</subfield>
    <subfield code="c">&#x200F;&#x202B;2012&#x202C;.</subfield>
  </datafield>
  <datafield tag="906" ind1=" " ind2=" ">
    <subfield code="a">7</subfield>
    <subfield code="b">cbc</subfield>
    <subfield code="c">origode</subfield>
    <subfield code="d">3</subfield>
    <subfield code="e">ncip</subfield>
    <subfield code="f">20</subfield>
    <subfield code="g">y-nonroman</subfield>
  </datafield>
  <datafield tag="942" ind1=" " ind2=" ">
    <subfield code="2">ddc</subfield>
    <subfield code="c">BK</subfield>
  </datafield>
  <datafield tag="999" ind1=" " ind2=" ">
    <subfield code="c">330399</subfield>
    <subfield code="d">330399</subfield>
  </datafield>
  <datafield tag="952" ind1=" " ind2=" ">
    <subfield code="0">0</subfield>
    <subfield code="1">0</subfield>
    <subfield code="2">ddc</subfield>
    <subfield code="4">0</subfield>
    <subfield code="7">0</subfield>
    <subfield code="a">CL</subfield>
    <subfield code="b">CL</subfield>
    <subfield code="c">FIC</subfield>
    <subfield code="d">2017-07-05</subfield>
    <subfield code="l">4</subfield>
    <subfield code="m">3</subfield>
    <subfield code="o">923 SHA</subfield>
    <subfield code="p">CL3207</subfield>
    <subfield code="r">2025-06-05</subfield>
    <subfield code="s">2023-06-12</subfield>
    <subfield code="t">1</subfield>
    <subfield code="y">BK</subfield>
  </datafield>
</record>
